[Event "O2C Doeberl Cup Premier 2012"]
[Site "Canberra AUS"]
[Date "2012.04.06"]
[Round "3.25"]
[White "Louie,Ryan"]
[Black "Wright,N"]
[Result "0-1"]
[WhiteElo "1759"]
[BlackElo "2183"]

1.d4 Nf6 2.c4 g6 3.Nc3 d5 4.cxd5 Nxd5 5.e4 Nxc3 6.bxc3 Bg7 7.Bc4 c5 8.Ne2 O-O
9.Be3 Nc6 10.Rc1 cxd4 11.cxd4 Qa5+ 12.Kf1 Rd8 13.Bd5 e6 14.Rc5 Qb6 15.Bxc6 Qxc5
16.Ba4 Qb4 17.Bg5 Bd7 18.Bb3 Bb5 19.Bxd8 Rxd8 20.d5 Qxe4 21.f3 Qe3 22.d6 Rxd6  0-1

[Event "16th Neckar Open"]
[Site "Deizisau GER"]
[Date "2012.04.07"]
[Round "4.10"]
[White "Bluebaum,M"]
[Black "Shishkin,Va UKR"]
[Result "1/2-1/2"]
[WhiteElo "2407"]
[BlackElo "2464"]

1.d4 Nf6 2.c4 g6 3.Nc3 d5 4.cxd5 Nxd5 5.e4 Nxc3 6.bxc3 Bg7 7.Bc4 c5 8.Ne2 O-O
9.O-O Nc6 10.Be3 Na5 11.Bd3 b6 12.Qd2 e5 13.Bg5 f6 14.Be3 cxd4 15.cxd4 Bd7
16.Rac1 Rc8 17.Ba6 Rxc1 18.Rxc1 Bc6 19.d5 Bb7 20.Bxb7 Nxb7 21.Rc6 Qd7 22.Qc2 Rf7
23.f3 Bf8 24.Nc1 Bd6 25.Nd3 Rf8 26.h3 Na5 27.Rc3 Re8 28.Nb2 Nb7 29.Qa4 Qxa4
30.Nxa4 Kf7 31.Kf2 Ke7 32.Ke2 Kd7 33.Rc1 Rc8 34.Rxc8 Kxc8 35.Kd3 Bc7 36.Nc3 Nd6
37.Bc1 Kd7 38.Ba3 Nc8 39.Kc4 Bd6 40.Bc1 a6 41.Be3 Kc7 42.a4 Be7 43.Kd3  1/2-1/2

[Event "43rd Mar del Plata Open"]
[Site "Mar del Plata ARG"]
[Date "2012.04.07"]
[Round "9.4"]
[White "Amura,C"]
[Black "Pierrot,Fac"]
[Result "0-1"]
[WhiteElo "2328"]
[BlackElo "2444"]

1.d4 Nf6 2.c4 g6 3.Nc3 d5 4.cxd5 Nxd5 5.e4 Nxc3 6.bxc3 Bg7 7.Bc4 c5 8.Ne2 O-O
9.Be3 Nc6 10.Rc1 b6 11.O-O cxd4 12.cxd4 Bb7 13.Qa4 a6 14.Bd5 b5 15.Qa3 Qd7
16.Rfd1 Rfc8 17.f3 e6 18.Bxc6 Rxc6 19.Rxc6 Qxc6 20.Rc1 Qd7 21.Qa5 Rc8 22.Rxc8+ Qxc8
23.a4 bxa4 24.Nc3 Qd7 25.e5 Bc6 26.Ne4 Bxe4 27.fxe4 Bf8 28.Qxa6 a3 29.h3 Qc7
30.Qa8 Qc3 31.Kf2 Qb2+ 32.Kf3 a2  0-1

[Event "O2C Doeberl Cup Premier 2012"]
[Site "Canberra AUS"]
[Date "2012.04.08"]
[Round "8.14"]
[White "Brown,An"]
[Black "Stojic,D"]
[Result "1-0"]
[WhiteElo "2221"]
[BlackElo "2296"]

1.d4 Nf6 2.c4 g6 3.Nc3 d5 4.cxd5 Nxd5 5.e4 Nxc3 6.bxc3 Bg7 7.Bb5+ c6 8.Ba4 O-O
9.Ne2 c5 10.O-O Qc7 11.d5 e5 12.d6 Qd8 13.Be3 Nd7 14.Bxd7 Qxd7 15.Qd5 Rb8
16.Qxc5 b6 17.Qa3 Qb7 18.f3 Be6 19.Rfd1 Rfd8 20.Rd2 Rd7 21.Rad1 Qc6 22.Qb4 Rbd8
23.c4 Qxc4 24.Qxc4 Bxc4 25.Nc3 f6 26.f4 f5 27.exf5 exf4 28.Bxf4 Bxc3 29.Rc2 Bxa2
30.Rxc3 gxf5 31.Kf2 Be6 32.Be5 b5 33.Rd4 a5 34.Rg3+ Kf8 35.Rh4 Bd5 36.Rh6 Rf7
37.Rc3 Bc4 38.Re3 b4 39.Bd4 Re8 40.Bc5 Rd7 41.Rxh7 Bf7 42.Rh8+  1-0

[Event "16th Neckar Open"]
[Site "Deizisau GER"]
[Date "2012.04.09"]
[Round "8.10"]
[White "Jaeschke,B"]
[Black "Bok,B"]
[Result "1-0"]
[WhiteElo "2224"]
[BlackElo "2502"]

1.d4 Nf6 2.c4 g6 3.Nc3 d5 4.cxd5 Nxd5 5.e4 Nxc3 6.bxc3 Bg7 7.Bc4 c5 8.Ne2 Nc6
9.Be3 O-O 10.O-O Qc7 11.Rc1 Rd8 12.Bf4 Be5 13.Bxe5 Nxe5 14.Bb3 Ng4 15.g3 Nf6
16.f3 e5 17.Qd3 Qb6 18.Rb1 Qa5 19.d5 Bh3 20.Rf2 b5 21.c4 bxc4 22.Qxc4 Bd7
23.Qc3 Qxc3 24.Nxc3 Rab8 25.Rfb2 Rb4 26.a3 Rd4 27.Bd1 Ne8 28.Rb7 Rd3 29.Rc1 Bh3
30.Be2 Rd2 31.Kf2 Nd6 32.Rxa7 f5 33.Ke3 Rb2 34.Na4 Rb3+ 35.Rc3 Rdb8 36.Ra6 Rxc3+
37.Nxc3 Ne8 38.Rc6 Rb3 39.Rxc5 Rxa3 40.Kd2 Kf8 41.Rc6 fxe4 42.Nxe4 Ra2+ 43.Ke3 Bd7
44.Rb6 Ra3+ 45.Kf2 Bf5 46.Ng5 Ra2 47.Ne6+ Bxe6 48.Rxe6 Rd2 49.Rxe5 Nf6 50.Ke3 Rxd5
51.Rxd5 Nxd5+ 52.Kd4 Nf6 53.Ke5 Ke7 54.Bb5 Ng8 55.g4 Nf6 56.Ba4 Kf7 57.Bb3+ Kg7
58.h4 h6 59.Ke6 Nh7 60.Ke7 Nf6 61.Be6 Nh7 62.Bc4 Nf6 63.Bf7 Nh7 64.h5 Ng5
65.Bd5 gxh5 66.gxh5 Nh3 67.Be6 Nf4 68.Bg4 Nd3 69.Ke6 Nf4+ 70.Ke5 Nd3+ 71.Ke4 Nc5+
72.Kd4 Nb7 73.Ke5 Nd8 74.f4 Nf7+ 75.Ke6 Nd8+ 76.Ke7 Nf7 77.f5 Ng5 78.f6+ Kg8
79.Be2 Kh8 80.Bc4 Kh7 81.Bd3+ Kh8 82.Bg6 Kg8 83.Bd3 Kh8 84.Kd6 Nf7+ 85.Ke6 Ng5+
86.Kf5 Kg8 87.Kg6 Kh8 88.Kxh6 Nf7+  1-0

[Event "Pobeskydi Open 2012"]
[Site "Frydek Mistek CZE"]
[Date "2012.04.09"]
[Round "9"]
[White "Klecker,T"]
[Black "Walkusz,W"]
[Result "0-1"]
[WhiteElo "2201"]
[BlackElo "2133"]

1.d4 Nf6 2.c4 g6 3.Nc3 d5 4.cxd5 Nxd5 5.e4 Nxc3 6.bxc3 Bg7 7.Nf3 c5 8.Rb1 Nc6
9.d5 Bxc3+ 10.Bd2 Bxd2+ 11.Qxd2 Nd4 12.Nxd4 cxd4 13.Qxd4 Qa5+ 14.Qd2 Qxd2+
15.Kxd2 b6 16.Ke3 Bb7 17.a4 f5 18.f3 fxe4 19.fxe4 e6 20.d6 e5 21.Bb5+ Kf7
22.Rbc1 Rac8 23.Bc4+ Kg7 24.Be6 Rc5 25.Rxc5 bxc5 26.Rf1 Rf8 27.d7 Rd8 28.Rf7+ Kh6
29.Re7 Bc6 30.Re8 Rxe8 31.dxe8=Q Bxe8 32.Kd3 Bxa4 33.Kc4 Bc2 34.Bd5 Kg5 35.Kxc5 Kf4
36.g3+ Ke3 37.Kd6 Kd4 38.Bg8 h5  0-1

[Event "Karposh Open 2012"]
[Site "Skopje MKD"]
[Date "2012.04.09"]
[Round "4.64"]
[White "Miskoski,M"]
[Black "Lazov,Toni"]
[Result "1-0"]
[WhiteElo "1965"]
[BlackElo "1798"]

1.d4 Nf6 2.c4 g6 3.Nc3 d5 4.cxd5 Nxd5 5.e4 Nxc3 6.bxc3 Bg7 7.Nf3 c5 8.Rb1 O-O
9.Be2 Qa5 10.O-O cxd4 11.cxd4 Qxa2 12.Bg5 Qe6 13.Qc2 h6 14.Be3 Qd6 15.Rfd1 b6
16.e5 Qd7 17.d5 Ba6 18.e6 Qd6 19.Nh4 Bxe2 20.Qxe2 Kh7 21.Qg4 h5 22.Qg5 Qe5
23.Qxe7  1-0

[Event "FSGM April 2012"]
[Site "Budapest HUN"]
[Date "2012.04.14"]
[Round "8"]
[White "Rajlich,I"]
[Black "Flumbort,A"]
[Result "1-0"]
[WhiteElo "2422"]
[BlackElo "2530"]

1.d4 Nf6 2.c4 g6 3.Nc3 d5 4.cxd5 Nxd5 5.e4 Nxc3 6.bxc3 Bg7 7.Nf3 c5 8.Rb1 O-O
9.Be2 cxd4 10.cxd4 Qa5+ 11.Qd2 Qxd2+ 12.Bxd2 b6 13.O-O Bb7 14.d5 Rc8 15.Rfc1 Na6
16.Be3 Kf8 17.Nd4 Nc5 18.Bg4 Re8 19.f3 h5 20.Bh3 Bc8 21.Bxc8 Rexc8 22.Nb5 Ke8
23.d6 Kd7 24.dxe7 Kxe7 25.Kf1 a6 26.Nd6 Rc6 27.Bxc5 bxc5 28.Nc4 Rd8 29.Rb7+ Ke6
30.Ke2 Bf8 31.Rd1 Rd4 32.Rxd4 cxd4 33.Kd3 Bc5 34.Na5 Rb6 35.Rxb6+ Bxb6 36.Nc6 f5
37.Nxd4+ Ke5 38.Nc6+ Kd6 39.Nb4 a5 40.Nd5 Bg1 41.h3 Bh2 42.Ne3 Ke6 43.Nc4 fxe4+
44.fxe4 Bc7 45.Kd4 g5 46.a4 g4 47.hxg4 hxg4 48.Kc5 Bg3 49.Kd4 Bc7 50.Ne3 g3
51.Nc4 Bd8 52.Kc5  1-0

[Event "TCh-CAT 2012"]
[Site "Catalunya ESP"]
[Date "2012.04.14"]
[Round "10.9"]
[White "Hernandez Casillas,J"]
[Black "Serra Pages,J"]
[Result "1/2-1/2"]
[WhiteElo "2177"]
[BlackElo "2256"]

1.c4 Nf6 2.Nc3 d5 3.cxd5 Nxd5 4.d4 g6 5.e4 Nxc3 6.bxc3 Bg7 7.Bc4 c5 8.Ne2 Nc6
9.Be3 O-O 10.O-O Bg4 11.f3 Na5 12.Bd3 cxd4 13.cxd4 Be6 14.Qa4 a6 15.Rad1 b5
16.Qc2 Rc8 17.Qb1 Nc4 18.Bf2 Qd6 19.Rfe1 Na3 20.Qb2 b4 21.e5 Qb8 22.Nf4 Bc4  1/2-1/2

[Event "Schachbundesliga 2011-12"]
[Site "Dortmund GER"]
[Date "2012.04.14"]
[Round "14"]
[White "Bluebaum,M"]
[Black "Colpe,M"]
[Result "1-0"]
[WhiteElo "2388"]
[BlackElo "2245"]

1.d4 Nf6 2.c4 g6 3.Nc3 d5 4.cxd5 Nxd5 5.e4 Nxc3 6.bxc3 Bg7 7.Bc4 c5 8.Ne2 Nc6
9.Be3 O-O 10.O-O b6 11.dxc5 Qc7 12.cxb6 axb6 13.Rc1 Ne5 14.Bd5 Rb8 15.Bf4 Ba6
16.Qc2 Rbc8 17.Rfd1 Rfd8 18.h3 e6 19.Bb3 Qb7 20.Rxd8+ Rxd8 21.Rd1 Rxd1+ 22.Qxd1 Nd3
23.Be3 h6 24.f3 Kh7 25.Bd4 e5 26.Bd5 Qc7 27.Be3 Nb2 28.Qc2 Nc4 29.Bf2 Bf8
30.Qa4 Na5 31.Qe8 Kg7 32.Kh1 Nc4 33.Nc1 Bd6 34.Nd3 Bb7 35.Bxc4 Qxc4 36.Nxe5 Qxa2
37.Bd4 Qb1+ 38.Kh2 Qb3 39.f4 Kh7 40.c4  1-0

[Event "Karposh Open 2012"]
[Site "Skopje MKD"]
[Date "2012.04.14"]
[Round "9.13"]
[White "Kozul,Z"]
[Black "Hunt,A"]
[Result "1/2-1/2"]
[WhiteElo "2602"]
[BlackElo "2454"]

1.d4 Nf6 2.c4 g6 3.Nc3 d5 4.cxd5 Nxd5 5.e4 Nxc3 6.bxc3 Bg7 7.Be3 c5 8.Qd2 O-O
9.Rc1 b6 10.h4 Bb7 11.f3 cxd4 12.cxd4 Nc6 13.d5 Ne5 14.Bh6 Bxh6 15.Qxh6 Qd6
16.Nh3 f6 17.Be2 Rac8 18.O-O Rxc1 19.Rxc1 Rc8 20.Qe3 Rxc1+ 21.Qxc1 Nd7 22.Nf4 Qc5+
23.Qxc5 Nxc5 24.Kf2 Kf7 25.Ke3 h6 26.Bc4 Ba6 27.Bxa6 Nxa6 28.Ne6 Nb4 29.a4 f5
30.g4 fxg4 31.fxg4  1/2-1/2

[Event "ch-FRA Juniors 2012"]
[Site "Nimes FRA"]
[Date "2012.04.15"]
[Round "3.3"]
[White "Ollier,P"]
[Black "Gertosio,F"]
[Result "1-0"]
[WhiteElo "2278"]
[BlackElo "2204"]

1.d4 Nf6 2.c4 g6 3.Nc3 d5 4.cxd5 Nxd5 5.e4 Nxc3 6.bxc3 Bg7 7.Qa4+ c6 8.Bg5 h6
9.Be3 O-O 10.Bd3 b5 11.Qa3 a5 12.Ne2 e5 13.Rd1 b4 14.Qc1 h5 15.O-O exd4 16.cxd4 Qe7
17.f4 f5 18.e5 Rd8 19.Rf3 Be6 20.Rd2 Qf7 21.Rg3 Bf8 22.Qb1 a4 23.d5 Rxd5
24.Nd4 Rxd4 25.Bxd4 c5 26.Ba1 c4 27.Be2 Nd7 28.Bxh5 Bc5+ 29.Bd4 Bxd4+ 30.Rxd4 Nf8
31.Qxb4 Rc8 32.Qc3 Kh7 33.Be2 Qa7 34.Kh1 Qb7 35.Rd1 Qe4 36.Qe3 Qc2 37.a3 c3
38.h4 Qb2 39.h5 c2 40.hxg6+ Kg8 41.Rc1 Rd8 42.g7 Nh7 43.Kh2 Bb3 44.Qb6 Rc8
45.Bc4+  1-0

[Event "TCh-CZE Extraliga 2011-12"]
[Site "Czech Republic CZE"]
[Date "2012.04.21"]
[Round "10.8"]
[White "Oborny,L"]
[Black "Kalod,R"]
[Result "0-1"]
[WhiteElo "1979"]
[BlackElo "2500"]

1.d4 Nf6 2.c4 g6 3.Nc3 d5 4.cxd5 Nxd5 5.e4 Nxc3 6.bxc3 Bg7 7.Bc4 c5 8.Ne2 Nc6
9.Be3 O-O 10.O-O Na5 11.Bd3 cxd4 12.cxd4 Be6 13.Qa4 a6 14.Rac1 b5 15.Qc2 Rc8
16.Qb1 Bc4 17.Bxc4 Nxc4 18.Qb4 Qd7 19.a4 Nxe3 20.fxe3 Bh6 21.Nf4 Bxf4 22.exf4 a5
23.Qxb5 Qxd4+ 24.Kh1 Rxc1 25.Rxc1 Qxe4 26.Rf1 Rc8 27.Qxa5 Rc2 28.Rg1 Kg7
29.Qa7 e6 30.Qb8 Ra2 31.h3 h5 32.Qc7 Rxa4 33.Rf1 Rc4 34.Qb6 Rc2 35.Qg1 Kh7
36.Kh2 Re2 37.Rf3 Qxf3  0-1

[Event "14th Dubai Open 2012"]
[Site "Dubai UAE"]
[Date "2012.04.22"]
[Round "8.13"]
[White "Grigoryan,Av"]
[Black "Gopal,G"]
[Result "1/2-1/2"]
[WhiteElo "2600"]
[BlackElo "2572"]

1.d4 Nf6 2.c4 g6 3.Nc3 d5 4.cxd5 Nxd5 5.e4 Nxc3 6.bxc3 Bg7 7.Nf3 c5 8.Be2 cxd4
9.cxd4 Nc6 10.Be3 Bg4 11.d5 Ne5 12.Nxe5 Bxe2 13.Qxe2 Bxe5 14.Qb5+ Qd7 15.Rb1 Qxb5
16.Rxb5 b6 17.f4 Bg7 18.Kd2 Rc8 19.e5 Rc4 20.Rc1 Rxc1 21.Kxc1 Kd7 22.a4 Rc8+
23.Kd2 e6 24.a5 exd5 25.Rxd5+ Ke8 26.axb6 axb6 27.Bxb6 h5 28.Ke3 Bf8 29.Ra5 Bb4
30.Rb5 Be7 31.Bd4 Rc2 32.Kf3 Kd7 33.Bf2 Ra2 34.g3 Ke6 35.h3 Kd7 36.Rb7+ Ke8
37.Rc7 Rb2 38.g4 hxg4+ 39.hxg4 Ra2 40.f5 gxf5 41.gxf5 Ra5 42.Ke4 f6 43.exf6 Bxf6
44.Bc5 Ra2 45.Kd5 Re2 46.Bd6 Re1 47.Rb7 Re2 48.Bf4 Re1 49.Bh6 Re2 50.Kd6 Be7+
51.Kd5 Bf6 52.Bf4 Re1 53.Ra7 Re2 54.Rh7 Re1 55.Rb7 Re2 56.Rb3 Kf7 57.Be3 Be7
58.Bd4 Bf6 59.Be3 Be7 60.Kd4 Re1 61.Rb5 Bf6+ 62.Kd3 Rd1+ 63.Ke4 Re1 64.Rb7+ Ke8
65.Kf3 Rf1+ 66.Kg4 Re1 67.Bf4 Re4 68.Kf3 Re1 69.Ra7 Ra1 70.Rb7 Re1 71.Bd6 Rd1
72.Bg3 Rf1+ 73.Ke4 Rg1 74.Bf2 Rf1 75.Bg3 Rg1 76.Bd6 Re1+ 77.Kd5 Re2 78.Bf4 Re1
79.Rb3 Kf7 80.Rb7+  1/2-1/2

[Event "Frauenbundesliga 2011-12"]
[Site "Germany GER"]
[Date "2012.04.22"]
[Round "11.4"]
[White "Mai,I"]
[Black "Frey,Al"]
[Result "0-1"]
[WhiteElo "2115"]
[BlackElo "2104"]

1.d4 Nf6 2.c4 g6 3.Nc3 d5 4.cxd5 Nxd5 5.e4 Nxc3 6.bxc3 Bg7 7.Be3 c5 8.Qd2 O-O
9.Nf3 Qa5 10.Rb1 a6 11.Rb3 b5 12.Be2 Rd8 13.e5 Nc6 14.O-O Nxe5 15.Qb2 Ng4
16.Bg5 Qc7 17.h3 Nf6 18.Qa3 Be6 19.Rbb1 Ne4 20.dxc5 Nxc3 21.Rbe1 a5 22.c6 b4
23.Qc1 Qxc6 24.Bxe7 Rdc8 25.Qg5 Qd5 26.Qxd5 Bxd5 27.Bd3 Bxa2 28.Ne5 Be6 29.Ng4 Nd5
30.Bd6 b3 31.f4 a4 32.Ne5 a3 33.Be4 Ra6 34.Bxd5 Bxd5 35.Bb4 b2 36.Rd1 a2  0-1

[Event "ch-LTU 2012"]
[Site "Vilnius LTU"]
[Date "2012.04.24"]
[Round "4"]
[White "Vedrickas,T"]
[Black "Malisauskas,V"]
[Result "1/2-1/2"]
[WhiteElo "2318"]
[BlackElo "2462"]

1.d4 Nf6 2.c4 g6 3.Nc3 d5 4.cxd5 Nxd5 5.e4 Nxc3 6.bxc3 Bg7 7.Bc4 c5 8.Ne2 Nc6
9.Be3 O-O 10.O-O Bd7 11.Rb1 Qc7 12.Bf4 Qc8 13.d5 Na5 14.Bd3 e5 15.Be3 c4
16.Bc2 b6 17.f4 exf4 18.Bd4 Bxd4+ 19.Nxd4 Qc7 20.Qe1 f6 21.Qh4 Nb7 22.Qh6 Nd6
23.Qxf4 Rae8 24.Qg3 Qc5 25.e5 Rxe5  1/2-1/2

[Event "TCh-CHN 2012"]
[Site "Beijing CHN"]
[Date "2012.04.29"]
[Round "2"]
[White "Li Xueyi"]
[Black "Lahno,Kateri"]
[Result "0-1"]
[WhiteElo "2076"]
[BlackElo "2546"]

1.d4 Nf6 2.c4 g6 3.Nc3 d5 4.cxd5 Nxd5 5.e4 Nxc3 6.bxc3 Bg7 7.Be3 c5 8.Qd2 Qa5
9.Rc1 Nd7 10.Nf3 Nf6 11.Bd3 O-O 12.O-O Rd8 13.d5 c4 14.Bb1 Bd7 15.Bg5 Qc5
16.Qe2 Re8 17.Rfd1 e6 18.d6 e5 19.Bxf6 Bxf6 20.Rd5 Qa3 21.Rdd1 Rac8 22.Qe3 Re6
23.Ne1 Rxd6 24.Nc2 Rxd1+ 25.Rxd1 Qa4 26.Qf3 Bg5 27.Nb4 Be6 28.Bc2 Qa3 29.g3 h5  0-1

[Event "GP FFE 2nd stage KO"]
[Site "Nancy FRA"]
[Date "2012.04.29"]
[Round "2.1"]
[White "Bacrot,E"]
[Black "Vachier Lagrave,M"]
[Result "0-1"]
[WhiteElo "2706"]
[BlackElo "2682"]

1.d4 Nf6 2.c4 g6 3.Nc3 d5 4.cxd5 Nxd5 5.e4 Nxc3 6.bxc3 Bg7 7.Bc4 c5 8.Ne2 Nc6
9.Be3 O-O 10.O-O Qc7 11.Rc1 b6 12.Qd2 Bb7 13.Bh6 e6 14.Bxg7 Kxg7 15.Qe3 Rfd8
16.f4 Qe7 17.Qf2 f5 18.Bd3 fxe4 19.Bxe4 Nxd4 20.cxd4 Bxe4 21.dxc5 bxc5 22.Rxc5 Rab8
23.Qe3 Rd3 24.Qc1 Rbd8 25.Ng3 Bb7 26.Re1 Rd1 27.Rxd1 Rxd1+ 28.Qxd1 Qxc5+
29.Kh1 Qf2 30.Qg1 Qxa2 31.f5 gxf5 32.Nh5+ Kf7 33.Nf4 Qd2 34.Qf1 Ba6  0-1

[Event "Historical Melaka Op"]
[Site "Melaka MAS"]
[Date "2012.04.30"]
[Round "9"]
[White "Arun Prasad,S"]
[Black "Fominyh,A"]
[Result "1/2-1/2"]
[WhiteElo "2517"]
[BlackElo "2488"]

1.d4 Nf6 2.c4 g6 3.Nc3 d5 4.cxd5 Nxd5 5.e4 Nxc3 6.bxc3 Bg7 7.Be3 c5 8.Qd2 Qa5
9.Nf3 Nc6 10.Rb1 b6 11.Rc1 e6 12.Bh6 Bxh6 13.Qxh6 cxd4 14.Qg7 Rf8 15.Bc4 Ba6
16.Bxa6 Qxa6 17.Ng5 Qd3 18.h4 O-O-O 19.cxd4 Kb8 20.Rh3 Qxd4 21.Qxd4 Nxd4
22.Nxh7 Rh8 23.Nf6 e5 24.Ng4 Rh5 25.Nf6 Rhh8 26.f3 Ne6 27.Rd1 Nd4 28.Kf2 Rd6
29.Ng4 f6 30.Ne3 Rc6 31.Rd2 b5 32.g4 a6 33.h5 b4 34.Nd5 gxh5 35.gxh5 f5 36.Ne7 Rch6
37.Nxf5 Nxf5 38.exf5 Rxh5 39.Rxh5 Rxh5 40.Rd5 Rxf5  1/2-1/2

[Event "Ostravsky Konik A"]
[Site "Ostrava CZE"]
[Date "2012.04.30"]
[Round "3.12"]
[White "Suchanek,M"]
[Black "Hladik,O"]
[Result "0-1"]
[WhiteElo "2079"]
[BlackElo "2207"]

1.d4 Nf6 2.c4 g6 3.Nc3 d5 4.cxd5 Nxd5 5.e4 Nxc3 6.bxc3 Bg7 7.Bc4 c5 8.Nf3 O-O
9.O-O cxd4 10.cxd4 Nc6 11.Be3 Bg4 12.d5 Ne5 13.Be2 Nxf3+ 14.gxf3 Bh3 15.Re1 Qd6
16.Rb1 b6 17.Qd2 Rfd8 18.f4 e6 19.Rb5 exd5 20.Rxd5 Qe7 21.Rd1 Re8 22.Bf3 Be6
23.Rd6 Bf8 24.e5 Rac8 25.Bc6 Qh4 26.f3 Bxd6 27.Bxe8 Be7 28.Ba4 Rd8 29.Qe2 Rxd1+
30.Bxd1 Bc5 31.Bxc5 bxc5 32.Qd2 h6 33.Bc2 Kg7 34.Be4 c4 35.a4 Qe7 36.Qc3 Qd7
37.Bc2 Qd5 38.a5 h5 39.Kf2 h4 40.Qe3 Qxa5 41.f5 Qa2 42.f6+ Kh7 43.Qe2 c3
44.f4 Kg8 45.Ke3 Qd5 46.Be4 Qc5+ 47.Kf3 Qg1 48.Qf2 Bg4+ 49.Ke3 Qc1+ 50.Kd3 Qb1+
51.Qc2 Qf1+ 52.Ke3 Qg1+ 53.Kd3 Qf1+ 54.Ke3 Qc4 55.Qd3 Qc7 56.Kd4 Kh7 57.Qxc3 Qb6+
58.Qc5 Qb2+ 59.Kd5 Qd2+ 60.Qd4 Qxh2 61.Kd6 Qa2 62.f5 Qa3+ 63.Kd7 gxf5 64.Bc2 Qf3
65.Bd3 Kg6 66.Bc4 Qb7+ 67.Ke8 Qc8+ 68.Ke7 Qc7+ 69.Kf8 h3 70.e6 fxe6 71.Bxe6 h2
72.f7 Qb8+ 73.Ke7 h1=Q 74.Qf6+ Kh5 75.f8=Q Qhb7+ 76.Bd7 Qb4+  0-1

[Event "Ostravsky Konik A"]
[Site "Ostrava CZE"]
[Date "2012.05.02"]
[Round "5.27"]
[White "Kotoucek,Jiri"]
[Black "Pavera,Vit"]
[Result "0-1"]
[WhiteElo "1947"]
[BlackElo "2004"]

1.d4 Nf6 2.c4 g6 3.Nc3 d5 4.cxd5 Nxd5 5.e4 Nxc3 6.bxc3 Bg7 7.Nf3 c5 8.h3 Nc6
9.Be3 Qa5 10.Qd2 O-O 11.Rb1 cxd4 12.Nxd4 Nxd4 13.cxd4 Qxd2+ 14.Kxd2 Rd8 15.d5 e6
16.Bc4 b6 17.Ke2 exd5 18.Bxd5 Ba6+ 19.Kf3 Rac8 20.Rhc1 Bd3 21.Rxc8 Rxc8 22.Rb3 Bc2
23.Rb4 Be5 24.Ke2 Rc7 25.f3 Kf8 26.Rc4 Rxc4 27.Bxc4 Ke7 28.f4 Bc3 29.e5 f6
30.exf6+ Bxf6 31.g4 h5 32.g5 Bg7 33.Bd3 Bxd3+ 34.Kxd3 Ke6 35.Ke4 Bc3 36.a4 Ba5
37.Bd4 a6 38.Be5 b5 39.axb5 axb5 40.Bb2 Be1 41.Ke3 Kf5 42.Kf3 Bd2  0-1

[Event "Ostravsky Konik A"]
[Site "Ostrava CZE"]
[Date "2012.05.02"]
[Round "5.10"]
[White "Kantorik,M"]
[Black "Weissmann,L"]
[Result "1/2-1/2"]
[WhiteElo "2323"]
[BlackElo "2123"]

1.d4 Nf6 2.c4 g6 3.Nc3 d5 4.cxd5 Nxd5 5.e4 Nxc3 6.bxc3 Bg7 7.Be3 O-O 8.Rc1 c5
9.d5 Qa5 10.Qd2 f5 11.f3 fxe4 12.fxe4 Nd7 13.c4 Qc7 14.Nf3 Ne5 15.Be2 Ng4
16.Bg5 Nxh2 17.Nxh2 Qg3+ 18.Kd1 Qxg2 19.Bf3 Qg3 20.Be2 Qg2  1/2-1/2

[Event "Copenhagen Chess Challenge 2012"]
[Site "Ballerup DEN"]
[Date "2012.05.03"]
[Round "3"]
[White "Teplyi,I"]
[Black "Tikkanen,H"]
[Result "1-0"]
[WhiteElo "2388"]
[BlackElo "2566"]

1.d4 Nf6 2.c4 g6 3.Nc3 d5 4.cxd5 Nxd5 5.e4 Nxc3 6.bxc3 Bg7 7.Be3 c5 8.Qd2 cxd4
9.cxd4 Nc6 10.Rd1 O-O 11.Nf3 Bg4 12.Be2 Qc8 13.O-O Rd8 14.d5 Bxf3 15.Bxf3 Ne5
16.Be2 Nc4 17.Qc1 b5 18.Bd4 Qa6 19.Bxg7 Kxg7 20.a4 Rdc8 21.axb5 Qa2 22.Bg4 Rc5
23.Qc3+ f6 24.Ra1 Qd2 25.Rfc1 Qf4 26.Qb4 Rc7 27.Rxc4 Rxc4 28.Qxc4 Qxg4 29.Rc1 Kf8
30.h3 Qf4 31.Ra1 Qe5 32.Ra2 h5 33.h4 Qf4 34.g3 Qf3 35.b6 Rb8 36.b7 Kg7 37.Qc7 Qxe4
38.Qxb8 Qb1+ 39.Kh2 Qxa2 40.Qf4  1-0

[Event "14th Salou Open"]
[Site "Salou ESP"]
[Date "2012.05.04"]
[Round "2.6"]
[White "Tuz,Mykola"]
[Black "Cabrera,Ale"]
[Result "0-1"]
[WhiteElo "2091"]
[BlackElo "2510"]

1.d4 Nf6 2.c4 g6 3.Nc3 d5 4.cxd5 Nxd5 5.e4 Nxc3 6.bxc3 Bg7 7.Nf3 c5 8.Bb5+ Nd7
9.O-O O-O 10.a4 Qc7 11.Re1 b6 12.Bg5 e6 13.e5 Bb7 14.Be7 Nxe5 15.Bxf8 Nxf3+
16.gxf3 Rxf8 17.Qd2 Rd8 18.Rac1 Rd5 19.f4 cxd4 20.cxd4 Qd6 21.Re4 Rxb5  0-1

[Event "69th ch-GEO w"]
[Site "Anaklia GEO"]
[Date "2012.05.06"]
[Round "8.2"]
[White "Batsiashvili,N"]
[Black "Khotenashvili,B"]
[Result "0-1"]
[WhiteElo "2438"]
[BlackElo "2490"]

1.d4 Nf6 2.c4 g6 3.Nc3 d5 4.cxd5 Nxd5 5.e4 Nxc3 6.bxc3 Bg7 7.Be3 c5 8.Qd2 O-O
9.Nf3 Bg4 10.Be2 cxd4 11.cxd4 Nc6 12.Rd1 Qa5 13.O-O Qa4 14.Rc1 Bxf3 15.Rc4 Qa5
16.Bxf3 Qxd2 17.Bxd2 Bxd4 18.e5 Bxe5 19.Bxc6 bxc6 20.Rxc6 Rfc8 21.Ra6 Bd4
22.Be3 Bxe3 23.fxe3 Rc7 24.Rd1 Rb8 25.Rd2 Rb5 26.Kf2 h5 27.h4 Kg7 28.g3 e6
29.Rd4 Rb2+ 30.Kf3 Rcc2 31.Rxa7 Rf2+ 32.Ke4 Rg2 33.Kd3 Rbd2+ 34.Kc4 Rxa2
35.Rxa2 Rxa2 36.Rd3 Ra4+ 37.Kc5 Rg4 38.e4 Rxe4 39.Kd6 Ra4 40.Rf3 Ra5 41.Ke7 Rf5
42.Ra3 g5 43.hxg5 Rxg5 44.Rf3 Rf5 45.Ra3 Rb5 46.Rf3 Rb7+ 47.Kd6 Kg6 48.Ke5 Rb5+
49.Ke4 f5+ 50.Kd4 e5+ 51.Kc4 Ra5 52.Rb3 Kg5 53.Rb8 Kg4 54.Rg8+ Kf3 55.Kb4 Rd5
56.Kc4 Rd4+ 57.Kc5 Rg4 58.Rf8 Rg5  0-1

[Event "TCh-HUN 2011-12"]
[Site "Szombathely HUN"]
[Date "2012.05.06"]
[Round "10"]
[White "Rachela,M"]
[Black "Flumbort,A"]
[Result "1/2-1/2"]
[WhiteElo "2375"]
[BlackElo "2539"]

1.d4 Nf6 2.c4 g6 3.Nc3 d5 4.cxd5 Nxd5 5.e4 Nxc3 6.bxc3 Bg7 7.Qa4+ Nd7 8.Be3 c5
9.Rc1 O-O 10.f3 Nb6 11.Qd1 cxd4 12.cxd4 Bd7 13.h4 Rc8 14.h5 Ba4 15.Rxc8 Qxc8
16.Qd2 Rd8 17.hxg6 hxg6 18.Bd3 Nc4 19.Bxc4 Qxc4 20.Ne2 Bb5 21.Kf2 Qxe2+ 22.Qxe2 Bxe2
23.Kxe2 Bxd4 24.Rd1 e5 25.Bxd4 exd4 26.Kd3 Rd6 27.Rb1 Ra6 28.Rxb7 Rxa2 29.Kxd4 Rxg2
30.Rxa7  1/2-1/2

[Event "Asian Continental 2012"]
[Site "Ho Chi Minh City VIE"]
[Date "2012.05.07"]
[Round "3.23"]
[White "Irwanto,S"]
[Black "Gupta,Ab"]
[Result "0-1"]
[WhiteElo "2419"]
[BlackElo "2644"]

1.d4 Nf6 2.c4 g6 3.Nc3 d5 4.cxd5 Nxd5 5.e4 Nxc3 6.bxc3 Bg7 7.Be3 c5 8.Rc1 Qa5
9.Qd2 O-O 10.Nf3 cxd4 11.cxd4 Qxd2+ 12.Kxd2 Rd8 13.Bb5 a6 14.Ba4 b5 15.Bb3 a5
16.Rc7 e6 17.Bg5 Re8 18.a4 h6 19.Be3 Na6 20.Rcc1 Bd7 21.axb5 Bxb5 22.Bc4 Bc6
23.Bd3 Nb4 24.Bf4 Rec8 25.Bd6 Nxd3 26.Kxd3 a4 27.Ne5 Bb5+ 28.Ke3 Rxc1 29.Rxc1 a3
30.Ra1 a2 31.f4 g5 32.g3 f6  0-1

[Event "Asian Continental 2012"]
[Site "Ho Chi Minh City VIE"]
[Date "2012.05.09"]
[Round "5.28"]
[White "Irwanto,S"]
[Black "Nguyen Van Hai"]
[Result "1/2-1/2"]
[WhiteElo "2419"]
[BlackElo "2341"]

1.d4 Nf6 2.c4 g6 3.Nc3 d5 4.cxd5 Nxd5 5.e4 Nxc3 6.bxc3 Bg7 7.Be3 c5 8.Rc1 Qa5
9.Qd2 O-O 10.Nf3 cxd4 11.cxd4 Qxd2+ 12.Nxd2 Rd8 13.d5 e6 14.Bc4 exd5 15.Bxd5 Nc6
16.O-O Be6 17.Bxe6 fxe6 18.Nb3 Bf8 19.Bc5 Bh6 20.Rcd1 b6 21.Bd6 Rd7 22.f4 Rad8
23.e5 Bf8 24.Rc1 Nb4 25.Bxb4 Bxb4 26.Rc6 Kf7 27.g3 Ke7 28.Kg2 Rd5 29.Rfc1 R8d7
30.R1c4 Ba3 31.Rc8 Kf7 32.Ra8 Be7 33.Rac8 a5 34.Rb8 b5 35.Rc2 a4 36.Na5 Rd2+
37.Rxd2 Rxd2+ 38.Kf3 Rxa2 39.Rxb5 Rc2 40.Nb7 Rc7 41.Nd6+ Bxd6 42.exd6 Ra7
43.Rb8 a3 44.Rc8  1/2-1/2

[Event "FSFMA May 2012"]
[Site "Budapest HUN"]
[Date "2012.05.10"]
[Round "6"]
[White "Kozak,Adam"]
[Black "Bodrogi,L"]
[Result "1-0"]
[WhiteElo "2001"]
[BlackElo "2012"]

1.d4 Nf6 2.c4 g6 3.Nc3 d5 4.cxd5 Nxd5 5.e4 Nxc3 6.bxc3 Bg7 7.Nf3 c5 8.Rb1 O-O
9.Be3 Qa5 10.Qd2 cxd4 11.cxd4 Nc6 12.Qxa5 Nxa5 13.Bd3 b6 14.Ke2 Bb7 15.Rhc1 Rac8
16.d5 f5 17.exf5 gxf5 18.Rxc8 Bxc8 19.Rc1 Bb7 20.Rc7 Bxd5 21.Rxa7 e5 22.Nd2 Nc6
23.Rd7 Bxa2 24.Bxb6 Rf7 25.Rxf7 Kxf7 26.Bxf5 h6 27.Bd3 Ke6 28.f3 h5 29.h4 Bf6
30.g3 Ne7 31.Ne4 Bd5 32.Nxf6 Kxf6 33.Bd8 Ke6 34.Bxe7 Kxe7 35.Bg6 Bf7 36.Bxf7 Kxf7
37.Ke3  1-0

[Event "30th Liechtenstein Open 2012"]
[Site "Triesen LIE"]
[Date "2012.05.11"]
[Round "1.36"]
[White "Hornak,P"]
[Black "Frick,R"]
[Result "0-1"]
[WhiteElo "1754"]
[BlackElo "2088"]

1.d4 Nf6 2.c4 g6 3.Nc3 d5 4.cxd5 Nxd5 5.e4 Nxc3 6.bxc3 Bg7 7.Nf3 c5 8.Bc4 O-O
9.O-O Qc7 10.Bb3 Bg4 11.Be3 Nc6 12.Rc1 Rad8 13.d5 Ne5 14.Bf4 c4 15.Bxc4 Bxf3  0-1

[Event "FSFMA May 2012"]
[Site "Budapest HUN"]
[Date "2012.05.12"]
[Round "8"]
[White "Kozak,Adam"]
[Black "Darazs,Z"]
[Result "1-0"]
[WhiteElo "2001"]
[BlackElo "2136"]

1.d4 Nf6 2.c4 g6 3.Nc3 d5 4.cxd5 Nxd5 5.e4 Nxc3 6.bxc3 Bg7 7.Nf3 c5 8.Be3 Qa5
9.Qd2 O-O 10.Rb1 cxd4 11.cxd4 Qxd2+ 12.Kxd2 Rd8 13.Bd3 f5 14.e5 Nc6 15.Rhc1 f4
16.Bxf4 Nxd4 17.Nxd4 Rxd4 18.Ke3 Rxd3+ 19.Kxd3 Bf5+ 20.Ke3 Bxb1 21.Rxb1 b6
22.Rc1 Kf7 23.Rc7 h6 24.h4 Ke6 25.Ke4 b5 26.Rc6+ Kf7 27.e6+ Kg8 28.Ra6 Rc8
29.Rxa7 Rc4+ 30.Kf3 Bf6 31.Bxh6 Rxh4 32.Be3 Rc4 33.g4 Bd4 34.Bxd4 Rxd4 35.Rxe7 Ra4
36.Rb7  1-0